000 00229nam a2200097Ia 4500
008 220120s9999||||xx |||||||||||||| ||und||
082 _a003 SUN
100 _aSunag, G.M
_911319
245 0 _aOperations research
300 _a317p.
_b0
999 _c136449
_d136449